000 00565nam a2200157Ia 4500
008 231217s9999 xx 000 0 und d
020 _a8180000000000
041 _aEnglish
082 _a006.7 GUP;1 R
100 _aGupta, Vivek ed.
245 0 _aPortals : about.com, America online, excite @ home, lycos.com, rediff.com, yahoo (Case studies in E-business)
260 _c2001
_bIcfai
_aHyderabad
300 _axviii, 203+xiv
650 _aPortals,about.com,,America,online,,excite,@,home,,lycos.com,,rediff.com,,yahoo,(Case,studies,E-business)
942 _cAA
999 _c188169
_d188169